[Event "POL Ch 52"]
[Site "Warszawa"]
[Date "1995.??.??"]
[Round "8"]
[White "Jaracz, Pawel"]
[Black "Grabarczyk, Bogdan"]
[Result "0-1"]
[WhiteElo "2410"]
[BlackElo "2375"]
[PlyCount "70"]
[EventDate "1995.??.??"]
[Source "Vistula"]
[SourceDate "1999.08.16"]

1. e4 c5 2. Nf3 d6 3. d4 cxd4 4. Nxd4 Nf6 5. Nc3 g6 6. g3 Nc6 7. Nde2 h5 8. h3
Bd7 9. Bg2 Qc8 10. b3 Bg7 11. Bb2 O-O 12. Qd2 b5 13. O-O-O a5 14. Nd5 a4 15.
Nxf6+ Bxf6 16. Bxf6 exf6 17. Qxd6 axb3 18. axb3 Ne5 19. Rd5 Ra6 20. Qb4 Rc6 21.
Rd2 Be6 22. Nd4 Ra6 23. f4 Nc6 24. Nxc6 Qxc6 25. e5 Qb6 26. exf6 Rc8 27. Rhd1
Kh7 28. Be4 Qe3 29. Kb2 Qa7 30. Rd4 Ra2+ 31. Kc1 Ra1+ 32. Kd2 Rc4 33. Rxc4 Qf2+
34. Kc3 Rxd1 35. Kb2 bxc4 0-1

[Event "POL Ch 52"]
[Site "Warszawa"]
[Date "1995.??.??"]
[Round "8"]
[White "Kaminski, Marcin"]
[Black "Urban, Klaudiusz"]
[Result "1/2-1/2"]
[WhiteElo "2455"]
[BlackElo "2410"]
[PlyCount "42"]
[EventDate "1995.??.??"]
[Source "Vistula"]
[SourceDate "1999.08.16"]

1. e4 g6 2. d4 Bg7 3. Nf3 d6 4. Bd3 e5 5. c3 Nd7 6. O-O Ngf6 7. h3 O-O 8. Be3
Re8 9. Nbd2 a6 10. Qc2 b6 11. b4 c6 12. a4 Qc7 13. a5 b5 14. c4 Qd8 15. cxb5
cxb5 16. Rac1 exd4 17. Bxd4 Bb7 18. Qc7 Bxe4 19. Nxe4 Nxe4 20. Bxg7 Kxg7 21.
Bxe4 Rxe4 1/2-1/2

[Event "POL Ch 52"]
[Site "Warszawa"]
[Date "1995.??.??"]
[Round "8"]
[White "Kempinski, Robert"]
[Black "Wojtkiewicz, Aleksander"]
[Result "1/2-1/2"]
[WhiteElo "2435"]
[BlackElo "2530"]
[PlyCount "101"]
[EventDate "1995.??.??"]
[Source "Vistula"]
[SourceDate "1999.08.16"]

1. d4 d5 2. Nf3 c6 3. c4 Nf6 4. Nc3 dxc4 5. a4 Bf5 6. e3 e6 7. Bxc4 Bb4 8. O-O
Nbd7 9. Qe2 Bg6 10. e4 O-O 11. Bd3 Bh5 12. Rd1 e5 13. Be3 Qe7 14. h3 exd4 15.
Bxd4 Rfe8 16. Re1 Bxf3 17. Qxf3 Ne5 18. Qg3 Rad8 19. Bxe5 Nh5 20. Qf3 Qxe5 21.
Bc4 Nf6 22. Re2 Rd4 23. Bd3 g6 24. g3 h5 25. Bc2 h4 26. Kg2 Kg7 27. Rd1 Bxc3
28. bxc3 Rxd1 29. Bxd1 hxg3 30. fxg3 Nd7 31. h4 a5 32. Bc2 Re6 33. Rd2 Nc5 34.
Rd4 Re7 35. Bb1 Re8 36. Ba2 Qf6 37. Qe3 Re5 38. Bb1 Qe6 39. Qf4 Qe7 40. Bc2 Qf6
41. Qxf6+ Kxf6 42. c4 Re8 43. Kf3 Rh8 44. Rd1 Ke5 45. Ke3 g5 46. Rh1 Rh6 47. h5
g4 48. Rf1 Rxh5 49. Rxf7 Ne6 50. Bd1 Rh3 51. Rf5+ 1/2-1/2

[Event "POL Ch 52"]
[Site "Warszawa"]
[Date "1995.??.??"]
[Round "8"]
[White "Macieja, Bartlomiej"]
[Black "Grabarczyk, Miroslaw"]
[Result "1/2-1/2"]
[WhiteElo "2440"]
[BlackElo "2440"]
[PlyCount "99"]
[EventDate "1995.??.??"]
[Source "Vistula"]
[SourceDate "1999.08.16"]

1. e4 e5 2. Nf3 Nc6 3. Bb5 a6 4. Ba4 Nf6 5. O-O Be7 6. Qe2 d6 7. c3 Bd7 8. d3
O-O 9. Bb3 Qe8 10. h3 Bd8 11. Re1 Be6 12. Nbd2 Bxb3 13. axb3 Qd7 14. Nf1 Re8
15. Ng3 g6 16. Nh2 d5 17. Ng4 dxe4 18. Nxf6+ Bxf6 19. Nxe4 Be7 20. Bg5 f5 21.
Bxe7 fxe4 22. Bh4 exd3 23. Qe4 Re6 24. Rad1 Rd6 25. Re3 d2 26. Bg5 Rf8 27. Re2
Qf5 28. Qxf5 Rxf5 29. Bh6 Kf7 30. Rexd2 Ke6 31. b4 Rf7 32. f3 Rfd7 33. Kf2 Ne7
34. g4 Rxd2+ 35. Rxd2 Rxd2+ 36. Bxd2 Nd5 37. Kg3 b5 38. Bc1 c6 39. Bd2 Nf6 40.
Bg5 Nd5 41. Bc1 Nf6 42. Kh4 e4 43. Kg3 exf3 44. Kxf3 h5 45. Be3 hxg4+ 46. hxg4
Nd7 47. Bd4 Ne5+ 48. Bxe5 Kxe5 49. Ke3 g5 50. Kf3 1/2-1/2

[Event "POL Ch 52"]
[Site "Warszawa"]
[Date "1995.??.??"]
[Round "8"]
[White "Markowski, Tomasz"]
[Black "Matlak, Marek"]
[Result "1/2-1/2"]
[WhiteElo "2470"]
[BlackElo "2465"]
[PlyCount "41"]
[EventDate "1995.??.??"]
[Source "Vistula"]
[SourceDate "1999.08.16"]

1. e3 d5 2. b3 Nf6 3. Bb2 g6 4. Nf3 Bg7 5. Be2 O-O 6. O-O c5 7. Na3 Nc6 8. Re1
b6 9. d4 cxd4 10. exd4 Bb7 11. c4 Rc8 12. Bf1 e6 13. Nc2 Qc7 14. Ne3 Rfd8 15.
Rc1 Qb8 16. c5 Ne4 17. cxb6 axb6 18. a3 Nd6 19. Qd3 Qa7 20. Ne5 Nb8 21. h4
1/2-1/2

[Event "POL Ch 52"]
[Site "Warszawa"]
[Date "1995.??.??"]
[Round "8"]
[White "Schmidt, Wlodzimierz"]
[Black "Oliwa, Marek"]
[Result "0-1"]
[WhiteElo "2475"]
[BlackElo "2405"]
[PlyCount "84"]
[EventDate "1995.??.??"]
[Source "Vistula"]
[SourceDate "1999.08.16"]

1. Nf3 c5 2. c4 Nf6 3. Nc3 g6 4. d4 Bg7 5. e4 O-O 6. Be2 d6 7. O-O Na6 8. d5
Bg4 9. h3 Bxf3 10. Bxf3 Nc7 11. Bf4 Nfe8 12. Be2 e5 13. Be3 f5 14. exf5 gxf5
15. f4 e4 16. g4 (16. Qd2) 16... Bxc3 $1 17. bxc3 Ng7 18. Rb1 Rb8 19. g5 Qd7
20. Kh2 Kf7 21. Qb3 $2 (21. h4 {/\ Kg2}) 21... Rh8 22. Rg1 h6 23. gxh6 $6 (23.
g6+) 23... Rxh6 24. Rg3 Rh7 25. Rbg1 Nce8 26. Qd1 Nf6 27. Kg2 Rbh8 28. Kf2 Nge8
29. Kg2 (29. Bf1 Rh4 {/\ Nh5}) 29... Ke7 30. a4 b6 31. Qb3 Kf8 32. Qb5 Qe7 33.
a5 bxa5 34. Qxa5 Qb7 $1 35. Qa2 Rh4 36. Rb1 Qh7 37. Rh1 Ng4 38. Qd2 Nef6 39.
Bd1 Nh5 40. Rxg4 (40. hxg4 Nxg3 $19) 40... fxg4 41. Bxg4 Rxg4+ 42. hxg4 Nxf4+ {
[Oliwa]} 0-1

[Event "POL Ch 52"]
[Site "Warszawa"]
[Date "1995.??.??"]
[Round "8"]
[White "Socko, Bartosz"]
[Black "Czerwonski, Aleksander"]
[Result "1/2-1/2"]
[WhiteElo "2385"]
[BlackElo "2370"]
[PlyCount "81"]
[EventDate "1995.??.??"]
[Source "Vistula"]
[SourceDate "1999.08.16"]

1. e4 e5 2. Nf3 Nc6 3. Bb5 a6 4. Ba4 Nf6 5. Qe2 Be7 6. c3 b5 7. Bc2 O-O 8. O-O
d6 9. Rd1 Bg4 10. d3 Re8 11. Nbd2 Bf8 12. Nf1 h6 13. h3 Be6 14. Ng3 d5 15. d4
dxe4 16. Nxe4 Bc4 17. Nxf6+ Qxf6 18. Qe4 g6 19. dxe5 Nxe5 20. Nxe5 Qxe5 21.
Qxe5 Rxe5 22. b3 Be6 23. Bf4 Rc5 24. Be4 Rb8 25. Be3 Re5 26. Ba7 Re8 27. Bc6
Rc8 28. Bb7 Re8 29. Bd4 Rg5 30. h4 Rh5 31. Bf3 Rf5 32. Bc6 Rd8 33. f3 b4 34.
cxb4 Bxb4 35. Bf2 Rxd1+ 36. Rxd1 Bc5 37. Rc1 Bxf2+ 38. Kxf2 Ra5 39. Rc2 Kf8 40.
Ke3 Ke7 41. Kd4 1/2-1/2

[Event "POL Ch 52"]
[Site "Warszawa"]
[Date "1995.??.??"]
[Round "9"]
[White "Czerwonski, Aleksander"]
[Black "Markowski, Tomasz"]
[Result "1/2-1/2"]
[WhiteElo "2370"]
[BlackElo "2470"]
[PlyCount "30"]
[EventDate "1995.??.??"]
[Source "Vistula"]
[SourceDate "1999.08.16"]

1. c4 e6 2. Nf3 Nf6 3. g3 b6 4. Bg2 Bb7 5. O-O Be7 6. Nc3 c5 7. d4 cxd4 8. Qxd4
d6 9. Rd1 a6 10. b3 Nbd7 11. e4 O-O 12. Ba3 Nc5 13. e5 dxe5 14. Qxe5 Qc8 15.
Qe2 Qc7 1/2-1/2

[Event "POL Ch 52"]
[Site "Warszawa"]
[Date "1995.??.??"]
[Round "9"]
[White "Grabarczyk, Bogdan"]
[Black "Socko, Bartosz"]
[Result "1-0"]
[WhiteElo "2375"]
[BlackElo "2385"]
[PlyCount "59"]
[EventDate "1995.??.??"]
[Source "Vistula"]
[SourceDate "1999.08.16"]

1. e4 e5 2. f4 exf4 3. Bc4 Nf6 4. Nc3 c6 5. Bb3 d5 6. exd5 Be7 $2 (6... cxd5) (
6... Nxd5) 7. d4 O-O 8. Nf3 Bb4 9. O-O Bxc3 10. bxc3 Nxd5 11. c4 Ne3 12. Bxe3
fxe3 13. Qd3 Bg4 14. Rae1 c5 15. c3 Nc6 16. d5 Bxf3 17. gxf3 Ne5 18. Qxe3 Ng6
19. Qxc5 Nf4 20. Qe7 Qb6+ 21. Kh1 Rad8 22. Qh4 Ng6 23. Qd4 Rfe8 24. c5 Qa6 25.
Bc4 b5 26. Bb3 Qc8 27. d6 Qh3 28. Qg4 Qxg4 29. fxg4 Ne5 30. Rf5 1-0

[Event "POL Ch 52"]
[Site "Warszawa"]
[Date "1995.??.??"]
[Round "9"]
[White "Grabarczyk, Miroslaw"]
[Black "Kaminski, Marcin"]
[Result "1/2-1/2"]
[WhiteElo "2440"]
[BlackElo "2455"]
[PlyCount "21"]
[EventDate "1995.??.??"]
[Source "Vistula"]
[SourceDate "1999.08.16"]

1. d4 Nf6 2. c4 g6 3. Nf3 Bg7 4. g3 c6 5. Bg2 O-O 6. O-O d5 7. cxd5 cxd5 8. Nc3
e6 9. Bf4 Nc6 10. Ne5 Nd7 11. Nxc6 1/2-1/2

[Event "POL Ch 52"]
[Site "Warszawa"]
[Date "1995.??.??"]
[Round "9"]
[White "Kuczynski, Robert"]
[Black "Kempinski, Robert"]
[Result "1/2-1/2"]
[WhiteElo "2510"]
[BlackElo "2435"]
[PlyCount "34"]
[EventDate "1995.??.??"]
[Source "Vistula"]
[SourceDate "1999.08.16"]

1. e4 c5 2. Nf3 d6 3. d4 cxd4 4. Nxd4 Nf6 5. Nc3 a6 6. Be2 e6 7. O-O Be7 8. f4
Qc7 9. Kh1 O-O 10. a4 Nc6 11. Be3 Na5 12. Qe1 Nc4 13. Bc1 Bd7 14. b3 Na5 15.
Bd3 Nc6 16. Nxc6 Bxc6 17. Bb2 b6 1/2-1/2

[Event "POL Ch 52"]
[Site "Warszawa"]
[Date "1995.??.??"]
[Round "9"]
[White "Matlak, Marek"]
[Black "Macieja, Bartlomiej"]
[Result "1/2-1/2"]
[WhiteElo "2465"]
[BlackElo "2440"]
[PlyCount "31"]
[EventDate "1995.??.??"]
[Source "Vistula"]
[SourceDate "1999.08.16"]

1. Nf3 Nf6 2. c4 g6 3. b4 a5 4. b5 Bg7 5. Bb2 c6 6. e3 cxb5 7. cxb5 O-O 8. Be2
d6 9. d4 Nbd7 10. O-O Nb6 11. Nbd2 a4 12. Rc1 Bf5 13. Nc4 Nxc4 14. Bxc4 Qb6 15.
Ba3 Rfc8 16. Qd2 1/2-1/2

[Event "POL Ch 52"]
[Site "Warszawa"]
[Date "1995.??.??"]
[Round "9"]
[White "Oliwa, Marek"]
[Black "Gdanski, Jacek"]
[Result "1-0"]
[WhiteElo "2405"]
[BlackElo "2490"]
[PlyCount "85"]
[EventDate "1995.??.??"]
[Source "Vistula"]
[SourceDate "1999.08.16"]

1. g3 e5 2. Nf3 e4 3. Nd4 c5 4. Nb3 c4 5. Nd4 Bc5 6. c3 Nc6 7. Nxc6 dxc6 8. b3
Nf6 9. Ba3 (9. bxc4 $2 Ng4 10. e3 Qf6 11. Qe2 Ne5 $19) 9... Bxa3 10. Nxa3 cxb3
11. axb3 O-O 12. Bg2 Re8 13. Nc2 Bf5 14. Nd4 Bg6 15. b4 a5 16. bxa5 Rxa5 17.
Rxa5 Qxa5 18. O-O c5 19. Nc2 Rd8 20. Ne3 h6 21. Qc2 b5 (21... Qa6 22. Re1 b5)
22. Rb1 Qa6 23. h3 Kh7 24. Kf1 Rb8 25. Rb2 Qd6 26. Ke1 Qe5 {[/\ Nd5]} 27. Qb1
Qe8 28. Qa1 Qc6 29. Qb1 Ne8 $2 30. Nc4 Qe6 (30... Qa8 $5 31. d3 $5) 31. Rxb5 e3
32. d3 exf2+ 33. Kxf2 (33. Kf1 $4 Rxb5 34. Qxb5 Bxd3 $3 $19) 33... Rd8 34. Qc1
Qf6+ 35. Kg1 Nd6 36. Rxc5 Nxc4 37. Rxc4 Qe5 38. Kf2 Rd6 39. Rf4 Bh5 40. Be4+
Kg8 41. Rf5 Rf6 42. Qf4 Qxf4+ 43. gxf4 {[Oliwa]} 1-0

[Event "POL Ch 52"]
[Site "Warszawa"]
[Date "1995.??.??"]
[Round "9"]
[White "Weglarz, Leszek"]
[Black "Schmidt, Wlodzimierz"]
[Result "1/2-1/2"]
[WhiteElo "2365"]
[BlackElo "2475"]
[PlyCount "22"]
[EventDate "1995.??.??"]
[Source "Vistula"]
[SourceDate "1999.08.16"]

1. d4 Nf6 2. c4 g6 3. Nc3 Bg7 4. e4 d6 5. Nge2 O-O 6. Ng3 c5 7. d5 e6 8. Be2
exd5 9. exd5 Nbd7 10. O-O Ne8 11. Nge4 h6 1/2-1/2

[Event "POL Ch 52"]
[Site "Warszawa"]
[Date "1995.??.??"]
[Round "9"]
[White "Wojtkiewicz, Aleksander"]
[Black "Jaracz, Pawel"]
[Result "1-0"]
[WhiteElo "2530"]
[BlackElo "2410"]
[PlyCount "59"]
[EventDate "1995.??.??"]
[Source "Vistula"]
[SourceDate "1999.08.16"]

1. Nf3 d6 2. d4 Nf6 3. c4 g6 4. g3 Bg7 5. Bg2 O-O 6. O-O Nc6 7. Nc3 a6 8. b3
Rb8 9. Nd5 Nh5 10. Bb2 e6 11. Nc3 Ne7 $2 12. a4 f5 13. e4 h6 14. Re1 f4 15. e5
fxg3 16. hxg3 Nc6 17. Ba3 Rf7 18. exd6 cxd6 19. Ne4 Bf8 20. Qd3 Kh7 21. d5 exd5
22. Qxd5 Rf5 23. Qd2 d5 24. Bxf8 dxe4 25. Qxd8 Nxd8 26. Bd6 exf3 27. Bxb8 Nc6
28. Bh3 Nxb8 29. Re8 Nxg3 30. fxg3 1-0

[Event "POL Ch 52"]
[Site "Warszawa"]
[Date "1995.??.??"]
[Round "10"]
[White "Gdanski, Jacek"]
[Black "Weglarz, Leszek"]
[Result "1-0"]
[WhiteElo "2490"]
[BlackElo "2365"]
[PlyCount "45"]
[EventDate "1995.??.??"]
[Source "Vistula"]
[SourceDate "1999.08.16"]

1. e4 e5 2. Nf3 Nf6 3. Nxe5 d6 4. Nf3 Nxe4 5. d4 d5 6. Bd3 Be7 7. O-O O-O 8. c4
Nf6 9. Nc3 dxc4 10. Bxc4 Bg4 11. h3 Bxf3 12. Qxf3 Nc6 13. Be3 Nxd4 14. Qxb7 c5
15. Rad1 Rb8 16. Qa6 Qc7 17. b3 Rb6 18. Qa5 Nf3+ 19. gxf3 Nh5 20. Qa4 Rg6+ 21.
Kh1 Qe5 22. Rd5 Qf6 23. Be2 1-0

[Event "POL Ch 52"]
[Site "Warszawa"]
[Date "1995.??.??"]
[Round "10"]
[White "Jaracz, Pawel"]
[Black "Kuczynski, Robert"]
[Result "1/2-1/2"]
[WhiteElo "2410"]
[BlackElo "2510"]
[PlyCount "49"]
[EventDate "1995.??.??"]
[Source "Vistula"]
[SourceDate "1999.08.16"]

1. e4 c5 2. Nf3 d6 3. d4 cxd4 4. Nxd4 Nf6 5. Nc3 a6 6. f4 Nbd7 7. a4 g6 8. Bd3
Bg7 9. Nf3 Qc7 10. O-O b6 11. Qe1 Bb7 12. Kh1 e5 13. Qh4 h6 14. Bd2 Rc8 15.
Rae1 Qd8 16. Qh3 Qe7 17. Be3 Qe6 18. Qxe6+ fxe6 19. fxe5 dxe5 20. Nd2 O-O 21.
Bg1 Nh5 22. Nc4 Rc6 23. Rxf8+ Bxf8 24. Rd1 Nhf6 25. h3 1/2-1/2

[Event "POL Ch 52"]
[Site "Warszawa"]
[Date "1995.??.??"]
[Round "10"]
[White "Kaminski, Marcin"]
[Black "Matlak, Marek"]
[Result "1/2-1/2"]
[WhiteElo "2455"]
[BlackElo "2465"]
[PlyCount "71"]
[EventDate "1995.??.??"]
[Source "Vistula"]
[SourceDate "1999.08.16"]

1. e4 e6 2. d4 d5 3. Nc3 Bb4 4. exd5 exd5 5. Bd3 Ne7 6. Qh5 c5 7. dxc5 Nd7 8.
Nf3 Nxc5 9. Bb5+ Bd7 10. Ne5 O-O 11. Nxd7 Nxd7 12. O-O Nf6 13. Qf3 Qa5 14. Bd3
Ng6 15. Ne2 Ne5 16. Qg3 Nxd3 17. Qxd3 Rfe8 18. Be3 Bc5 19. Bxc5 Qxc5 20. Nd4 a6
21. c3 Qb6 22. Qc2 Re4 23. Rad1 Rae8 24. h3 Qc7 25. Qb3 g6 26. Nc2 Rd8 27. Rd3
Rd6 28. Ne3 Rb6 29. Qa3 Qe7 30. b4 d4 31. Nc4 Rc6 32. Nd2 Re1 33. Rxd4 Kg7 34.
Qb2 Qe2 35. Rxe1 Qxe1+ 36. Nf1 1/2-1/2

[Event "POL Ch 52"]
[Site "Warszawa"]
[Date "1995.??.??"]
[Round "10"]
[White "Kempinski, Robert"]
[Black "Oliwa, Marek"]
[Result "1-0"]
[WhiteElo "2435"]
[BlackElo "2405"]
[PlyCount "73"]
[EventDate "1995.??.??"]
[Source "Vistula"]
[SourceDate "1999.08.16"]

1. Nf3 g6 2. c4 Bg7 3. Nc3 c5 4. g3 Nc6 5. Bg2 a6 6. O-O Rb8 7. e3 b5 8. cxb5
axb5 9. d4 cxd4 10. exd4 b4 11. Ne4 Nf6 12. Nxf6+ Bxf6 13. Bh6 d6 14. Rc1 Bd7
15. d5 Na7 16. Nd4 Nb5 17. Nc6 Bxc6 18. dxc6 Nc7 19. Qd2 e6 20. Rc4 b3 21. axb3
Rxb3 22. Rb4 Rxb4 23. Qxb4 g5 24. f4 Rg8 25. Be4 Be7 26. Bxh7 Rh8 27. Qe4 d5
28. Qd3 Bc5+ 29. Kh1 d4 30. Bxg5 f6 31. Qg6+ Kf8 32. h4 Ne8 33. Kh2 d3 34. Bh6+
Ke7 35. Bg7 d2 36. Bxh8 d1=Q 37. Bxf6+ 1-0

[Event "POL Ch 52"]
[Site "Warszawa"]
[Date "1995.??.??"]
[Round "10"]
[White "Macieja, Bartlomiej"]
[Black "Czerwonski, Aleksander"]
[Result "1-0"]
[WhiteElo "2440"]
[BlackElo "2370"]
[PlyCount "140"]
[EventDate "1995.??.??"]
[Source "Vistula"]
[SourceDate "1999.08.16"]

1. e4 d6 2. d4 g6 3. Nf3 Nf6 4. Bd3 Bg7 5. O-O O-O 6. c3 Nc6 7. Na3 e5 8. dxe5
Nxe5 9. Nxe5 dxe5 10. Bg5 h6 11. Bh4 c6 12. Qf3 Qe7 13. Nc4 Rd8 14. h3 g5 15.
Bg3 g4 16. hxg4 Bxg4 17. Qe3 Nh5 18. Bh2 Bf6 19. g3 Kh7 20. Be2 Qe6 21. Kh1 b5
22. Na5 Rg8 23. f3 Bh3 24. Rg1 Bd8 25. Nb3 Bb6 26. Nc5 Qe7 27. b4 Be6 28. g4
Nf4 29. Bxf4 exf4 30. Qxf4 Bc7 31. e5 Rg5 32. Bd3+ Kg8 33. Qh2 Bxe5 34. Qxh6
Bg7 35. Qh7+ Kf8 36. Rae1 Rd8 37. Bf5 Rd6 38. Bxe6 fxe6 39. Ne4 Rgd5 40. Nxd6
Qxd6 41. Qh2 Bxc3 42. Qxd6+ Rxd6 43. Re4 e5 44. Rc1 Rd3 45. Kg2 Kf7 46. Rc2 Kf6
47. f4 exf4 48. Rxf4+ Kg5 49. Rf3 Rd2+ 50. Rxd2 Bxd2 51. Kh3 Bxb4 52. Rf7 c5
53. Rxa7 Bc3 54. Kg3 b4 55. Kf3 Be5 56. Ra5 Bd4 57. Rb5 Bg1 58. Kg3 Bd4 59. Kf3
Bg1 60. Rb6 Bd4 61. Rc6 Bg1 62. Rd6 c4 63. Rd5+ Kg6 64. Rb5 b3 65. a4 Bd4 66.
Ke2 Kf6 67. Rb4 Bc5 68. Rxc4 b2 69. Rf4+ Kg5 70. Rf1 Kxg4 1-0

[Event "POL Ch 52"]
[Site "Warszawa"]
[Date "1995.??.??"]
[Round "10"]
[White "Markowski, Tomasz"]
[Black "Grabarczyk, Bogdan"]
[Result "1-0"]
[WhiteElo "2470"]
[BlackElo "2375"]
[PlyCount "89"]
[EventDate "1995.??.??"]
[Source "Vistula"]
[SourceDate "1999.08.16"]

1. c4 f5 2. g3 Nf6 3. Bg2 e5 4. Nc3 d6 5. e3 Be7 6. Nge2 O-O 7. d3 Nc6 8. O-O
Qe8 9. Bd2 Bd8 10. Nd5 Ne7 11. Rc1 c6 12. Nxe7+ Bxe7 13. b3 d5 14. cxd5 Nxd5
15. b4 Be6 16. a3 Rd8 17. Re1 a6 18. Qc2 Qh5 19. Rcd1 Rf6 20. e4 Nc7 21. d4
exd4 22. Nf4 Qf7 23. e5 Bb3 24. Qb2 Rh6 25. Rb1 Bc4 26. Ne2 g5 27. Nxd4 Bd5 28.
f3 Ne6 29. Nxe6 Qxe6 30. Be3 f4 31. Bb6 fxg3 32. hxg3 Rf8 33. Re3 Qf7 34. Rd1
Qh5 35. Rxd5 cxd5 36. Qd4 Qg6 37. Qxd5+ Kh8 38. e6 Qb1+ 39. Kf2 Rh2 40. Qe5+
Kg8 41. Re1 Qc2+ 42. Qe2 Rxf3+ 43. Kxf3 Rxg2 44. Kxg2 Qc6+ 45. Qf3 1-0

[Event "POL Ch 52"]
[Site "Warszawa"]
[Date "1995.??.??"]
[Round "10"]
[White "Socko, Bartosz"]
[Black "Wojtkiewicz, Aleksander"]
[Result "0-1"]
[WhiteElo "2385"]
[BlackElo "2530"]
[PlyCount "80"]
[EventDate "1995.??.??"]
[Source "Vistula"]
[SourceDate "1999.08.16"]

1. e4 c5 2. Nf3 e6 3. d4 cxd4 4. Nxd4 Nc6 5. Nc3 d6 6. Be3 a6 7. Qd2 Nf6 8. f3
Bd7 9. g4 h6 10. O-O-O Qc7 11. h4 Ne5 12. Rg1 g6 13. g5 hxg5 14. hxg5 Nh5 15.
f4 Nc4 16. Bxc4 Qxc4 17. Nb3 b5 18. f5 (18. e5 $5) 18... b4 19. fxe6 fxe6 20.
Ne2 e5 21. Kb1 Rh7 22. Nec1 Be6 23. Na5 Qb5 24. Ncb3 Rc8 25. Rgf1 Be7 26. Rh1
Rf7 27. Qd3 Bg4 28. Qxb5+ axb5 29. Rd5 Bf3 30. Rc1 Bxe4 31. Rxb5 Ng3 32. Nd2
Bf5 33. Nac4 Bd7 34. Rb6 Nf5 35. Bg1 Rh7 36. Rd1 Bc6 37. Be3 d5 38. Nxe5 Nxe3
39. Re1 Ng2 40. Rg1 Bc5 0-1

[Event "POL Ch 52"]
[Site "Warszawa"]
[Date "1995.??.??"]
[Round "10"]
[White "Urban, Klaudiusz"]
[Black "Grabarczyk, Miroslaw"]
[Result "0-1"]
[WhiteElo "2410"]
[BlackElo "2440"]
[PlyCount "146"]
[EventDate "1995.??.??"]
[Source "Vistula"]
[SourceDate "1999.08.16"]

1. Nf3 Nf6 2. c4 e6 3. g3 b6 4. Bg2 Bb7 5. O-O Be7 6. b3 O-O 7. Bb2 c5 8. d4
cxd4 9. Qxd4 Nc6 10. Qd2 d5 11. cxd5 Nxd5 12. Nc3 Nxc3 13. Bxc3 Qxd2 14. Nxd2
Rac8 15. Rac1 Ba6 16. Nc4 Bxc4 17. bxc4 Nb4 18. Bxb4 Bxb4 19. Rfd1 Rfd8 20. Rd3
Kf8 21. Bb7 Rxd3 22. exd3 Rc7 23. Ba6 Bc5 24. Kf1 Bd4 25. Rb1 Ke7 26. Ke2 g5
27. h3 f5 28. Kf3 Kf6 29. g4 h5 30. gxh5 Rh7 31. Kg2 Rxh5 32. Re1 Rh8 33. Re2
Rd8 34. Re1 Bc5 35. Rd1 Rd4 36. Bb7 a5 37. a4 Rf4 38. Rd2 Ke5 39. Bc8 Kd6 40.
Re2 e5 41. f3 Bd4 42. Re1 Kc5 43. Rb1 Kc6 44. Be6 Kd6 45. Bc8 Ke7 46. Rb3 Kf6
47. Bb7 Rh4 48. Rb1 Rh7 49. Bd5 Ke7 50. Rb5 Bc5 51. Kg3 Kd6 52. Kg2 Rh4 53. Bb7
Kd7 54. Kg3 Rd4 55. Rb3 Bb4 56. Kf2 Rh4 57. Kg2 Kc7 58. Bd5 Kd6 59. Bb7 Rh8 60.
Bd5 Rh7 61. Bg8 Rh6 62. Bd5 Kc5 63. Bb7 Kd4 64. Bc8 Rf6 65. Kf2 e4 66. dxe4
Kxc4 67. Rb1 fxe4 68. Bb7 Bc5+ 69. Kg3 e3 70. Kg4 Rf7 71. Ba6+ Kc3 72. Kxg5
Rxf3 73. Kg4 Rf2 0-1

[Event "POL Ch 52"]
[Site "Warszawa"]
[Date "1995.??.??"]
[Round "11"]
[White "Czerwonski, Aleksander"]
[Black "Kaminski, Marcin"]
[Result "0-1"]
[WhiteElo "2370"]
[BlackElo "2455"]
[PlyCount "109"]
[EventDate "1995.??.??"]
[Source "Vistula"]
[SourceDate "1999.08.16"]

1. d4 Nf6 2. c4 g6 3. Nc3 Bg7 4. e4 d6 5. f3 O-O 6. Bg5 a6 7. Qd2 Nbd7 8. Nh3
c5 9. d5 b5 10. cxb5 axb5 11. Bxb5 Ba6 12. Bxa6 Rxa6 13. Bh6 Bxh6 14. Qxh6 Qb6
15. Rb1 Rb8 16. O-O Qb4 17. Qd2 $2 (17. Nf2 Nb6 {/\ Na4~/=}) 17... Rxa2 18. Rf2
Ra7 19. Nf4 Ne5 20. Nd3 Nxd3 21. Qxd3 Rab7 22. h3 Nd7 23. f4 c4 24. Qf3 Nc5 25.
Kh2 Nd3 26. Re2 Qa5 27. e5 Rb3 28. exd6 exd6 29. f5 Ne5 30. Qe4 (30. Qf1 $142)
30... Qd8 31. Nd1 $2 (31. fxg6 hxg6 32. Rc2) 31... Qg5 32. Rf2 Qg3+ 33. Kg1 Qd3
34. Qxd3 Rxd3 35. fxg6 hxg6 36. Rc2 Rxd5 37. Ne3 Rd4 38. Ra1 Rb3 39. Re1 Nd3
40. Rd1 d5 41. Ng4 Rf4 42. Ne3 Rb5 43. Rdd2 Re4 44. Nd1 Re1+ 45. Kh2 Kf8 46.
Nf2 Nxf2 47. Rxf2 Ke7 48. Rcd2 Re4 49. Rf3 d4 50. Ra3 d3 51. Kg3 Rbe5 52. Rc3
Re3+ 53. Kh2 Re2 54. Rd1 Rg5 55. Rxc4 {[Kaminski]} 0-1

[Event "POL Ch 52"]
[Site "Warszawa"]
[Date "1995.??.??"]
[Round "11"]
[White "Grabarczyk, Bogdan"]
[Black "Macieja, Bartlomiej"]
[Result "1/2-1/2"]
[WhiteElo "2375"]
[BlackElo "2440"]
[PlyCount "117"]
[EventDate "1995.??.??"]
[Source "Vistula"]
[SourceDate "1999.08.16"]

1. e4 Nf6 2. Nc3 e5 3. d4 exd4 4. Qxd4 Nc6 5. Qe3 Bb4 6. Bd2 O-O 7. O-O-O Re8
8. Bc4 d6 9. Nh3 Ne5 10. Bb3 Be6 11. Bxe6 Rxe6 12. Nf4 Re8 13. Qe2 Bxc3 14.
Bxc3 Ng6 15. Nxg6 Nxe4 16. Bd4 Qg5+ 17. Be3 Qxg6 18. g4 Qe6 19. Rd3 Qxa2 20.
Ra3 Qd5 21. Rd1 Qc6 22. g5 b5 23. Kb1 a5 24. Bd4 b4 25. Re3 Nc5 26. Bxc5 dxc5
27. Re7 c4 28. Qe5 b3 29. Kc1 Qa4 30. Rd4 Rf8 31. Rdd7 Qa1+ 32. Kd2 bxc2 33.
Kxc2 Qa4+ 34. Kb1 Rab8 35. f4 Qb4 36. Rxc7 c3 37. Qxc3 Qxf4 38. Qe5 Qxe5 39.
Rxe5 a4 40. Re4 a3 41. b4 Rfd8 42. Ka2 Rd2+ 43. Kxa3 Rxh2 44. b5 g6 45. Rb4 Rb6
46. Ka4 Ra2+ 47. Kb3 Ra1 48. Rc6 Rb1+ 49. Kc4 Rxb4+ 50. Kxb4 Rb8 51. Kc5 h6 52.
gxh6 Kh7 53. Rc7 Kxh6 54. Rxf7 g5 55. b6 Kh5 56. Kc6 g4 57. Kc7 Re8 58. Rh7+
Kg5 59. b7 1/2-1/2

[Event "POL Ch 52"]
[Site "Warszawa"]
[Date "1995.??.??"]
[Round "11"]
[White "Kuczynski, Robert"]
[Black "Socko, Bartosz"]
[Result "1/2-1/2"]
[WhiteElo "2510"]
[BlackElo "2385"]
[PlyCount "88"]
[EventDate "1995.??.??"]
[Source "Vistula"]
[SourceDate "1999.08.16"]

1. e4 e5 2. Nf3 Nc6 3. Bb5 a6 4. Ba4 Nf6 5. O-O Be7 6. Re1 b5 7. Bb3 d6 8. c3
O-O 9. d3 Na5 10. Bc2 c5 11. Nbd2 Re8 12. Nf1 Bf8 13. Bg5 h6 14. Bh4 Nc6 15.
Ne3 Be7 16. a4 b4 17. h3 Nh7 18. Bxe7 Nxe7 19. cxb4 cxb4 20. d4 Ng5 21. Nxg5
hxg5 22. Bb3 Ra7 23. a5 Ng6 24. Qd2 Nf4 25. Bc4 Qf6 26. d5 g6 27. Bf1 Kg7 28.
Ng4 Qd8 29. g3 Nxh3+ 30. Bxh3 Rh8 31. Kg2 f5 32. Qe2 fxg4 33. Bxg4 Bxg4 34.
Qxg4 Qc8 35. Qxc8 Rxc8 36. Rec1 Rac7 37. Rxc7+ Rxc7 38. Ra4 Rc4 39. Kf3 g4+ 40.
Ke3 Kf6 41. Kd3 Rd4+ 42. Ke3 Rc4 43. Kd3 Rd4+ 44. Ke3 Rc4 1/2-1/2

[Event "POL Ch 52"]
[Site "Warszawa"]
[Date "1995.??.??"]
[Round "11"]
[White "Matlak, Marek"]
[Black "Urban, Klaudiusz"]
[Result "1/2-1/2"]
[WhiteElo "2465"]
[BlackElo "2410"]
[PlyCount "69"]
[EventDate "1995.??.??"]
[Source "Vistula"]
[SourceDate "1999.08.16"]

1. d4 Nf6 2. Nf3 g6 3. g3 Bg7 4. Bg2 O-O 5. O-O b6 6. c4 Bb7 7. Nc3 a6 8. b3 c5
9. Bb2 d6 10. d5 b5 11. Qc2 Re8 12. Nd2 Nbd7 13. h3 Rb8 14. Rfd1 Qb6 15. Rab1
e6 16. Nf1 b4 17. Na4 Qc7 18. e4 exd5 19. exd5 Re7 20. Re1 Rbe8 21. Rxe7 Rxe7
22. Qd2 Qd8 23. Re1 Qe8 24. Rxe7 Qxe7 25. Qe3 Kf8 26. f4 Nh5 27. Qxe7+ Kxe7 28.
Kf2 Bxb2 29. Nxb2 Ng7 30. Ne3 Nb6 31. g4 h5 32. Be4 hxg4 33. hxg4 Bc8 34. Bc2
f5 35. g5 1/2-1/2